01328cam a2200373 a 4500999001900000001000900019003000500028005001700033008004100050010001700091020001800108020001800126025002300144037006100167040001300228041001300241042001000254043001200264050002500276082001800301100002800319245009100347250001200438260005000450300003000500504006400530546001800594600007100612651006500683710004600748906004500794942001200839952010300851 c331806d33180616635078NUST20171026103550.0110202s2010 pk b 001 0deng  a 2011326241 a9789693703191 a9789693703399 aP-E-2011326241; 32 bLibrary of Congress -- Islamabad Overseas OfficecRs 580 aDLCcDLC0 aengaurd alcode aa-ii---00aDS481.I65bM235 2010 a891.4314bMAH1 aMahmood, Khurram.9565310aIqbal and the politics of Punjab, 1926-1938 :ba comparative study /cKhurram Mahmood. a1st ed. aIslamabad :bNational Book Foundation,c2010. axxxviii, 641 p. ;c25 cm. aIncludes bibliographical references (p. 397-554) and index. aSome in Urdu.10aIqbal, Muhammad,cSir,d1877-1938xPolitical and social views.922 0aPunjab (India)xPolitics and governmenty20th century.954242 aNational Book Foundation (Pakistan)91397 a7bcbccorigoded3encipf20gy-gencatlg 2ddccBK 00102ddc4070aCLbCLcCARTd2017-10-26l0o928.91439 MAHpCL2563r2017-10-26t1w2017-10-26yBK